000 00400nam a2200157Ia 4500
008 230524s9999 xx 000 0 und d
082 _a621.382
_bPAR
100 _aH.Partab
245 0 _aArt and Science of Utilisation of Electrical Energy
250 _a1ST
260 _aNEW DELHI
_bDhanpat Rai
_c2007
300 _aIV;699
500 _aQuantity Number: 2
650 _aElectrical
942 _cBK
999 _c36829
_d36829